Irlandzka imigracja według państw - Statystyki

Ogólne statystyki
  • Ten quiz został rozwiązany 16 razy
  • Średni wynik to 13 z 18
Statystyki odpowiedzi
Liczba osób Kraj pochodzenia % Poprawnych
106 142 Polska
100%
289 053 Wielka Brytania
100%
14 821 Francja
92%
18 356 Hiszpania
92%
16 425 Chiny
85%
56 624 Indie
85%
34 236 Stany Zjednoczone
85%
15 678 Ukraina
85%
15 689 Włochy
77%
34 242 Litwa
69%
20 330 Łotwa
69%
42 460 Rumunia
69%
39 556 Brazylia
54%
15 886 Republika Południowej Afryki
54%
20 559 Nigeria
46%
15 185 Pakistan
46%
16 155 Mołdawia
38%
19 846 Filipiny
31%
Nie znaleziono quizów pasujących do podanych kryteriów
Rozkład punktacji
Procent ludzi z każdym wynikiem
Percentyl według liczby udzielonych odpowiedzi
Twoja historia wyników
Nie rozwiązałeś tego quizu